تعديل السلوك في التدريس / (رقم التسجيلة. 95021)

تفاصيل مارك
000 -الفاتح
عناصر البيانات ثابتة الطول 00842cam a2200217 c 4500
005 - تاريخ ووقت آخر معاملة
حقل ضبط 20260203095553.0
008 - عناصر البيانات ثابتة الطول
عناصر البيانات ثابتة الطول 250721s2005 jo gr 000 0 ara d
082 14 - رقم تصنيف ديوي العشري
رقم التصنيف 371.27
رقم المادة ف ت ل
100 1# - مدخل رئيسي – اسم شخصي
الاسم الشخصي الفتلاوي، سهيلة محسن كاظم
علاقة الشخص بالعمل/ دوره مؤلف.
245 10 - بيان العنوان
العنوان تعديل السلوك في التدريس /
بيان المسؤولية الدكتورة سهيلة محسن كاظم الفتلاوي.
250 ## - بيان الطبعة
بيان الطبعة الطبعة الاولى.
264 31 - بيانات النشر، التوزيع…إلخ
مكان النشر، التوزيع...إلخ عمان :
اسم الناشر، الموزع...إلخ دار الشروق للنشر و التوزيع،
تاريخ النشر، التوزيع...إلخ 2005.
300 ## - الوصف المادي
عدد الوحدات المكونة للوعاء 595 صفحة.
490 1# - بيان السلسلة
عنوان السلسلة سلسلة طرائف التدريس ؛
رقم الوعاء في السلسلة الرقم 5.
650 17 - مدخل إضافي بالموضوع - مصطلح موضوعي
مصطلح موضوعي أو اسم جغرافي كعنصر مدخل التدريس.
650 17 - مدخل إضافي بالموضوع - مصطلح موضوعي
مصطلح موضوعي أو اسم جغرافي كعنصر مدخل علم النفس التربوي.
650 17 - مدخل إضافي بالموضوع - مصطلح موضوعي
مصطلح موضوعي أو اسم جغرافي كعنصر مدخل التدريس.
830 #0 - مدخل إضافي بالسلسلة-عنوان مقنن
عنوان السلسسلة سلسلة طرائف التدريس.
942 ## - بيانات إضافية (كوها)
نوع التنصيف Dewey Decimal Classification
نوع المادة (كوها) كتب
المقتنيات
حالة السحب حالة الفقدان مصدر التصنيف حالة التلف غير قابل للإعارة المكتبة الرئيسية المكتبة الحالية موقع الرف تاريخ التزويد الرقم المتسلسل Total Checkouts رقم الإستدعاء الباركود تاريخ آخر ظهور تاريخ الفاتورة نوع المادة (كوها)
    Dewey Decimal Classification     المكتبة المركزية المكتبة المركزية الإعارة 28/07/2025 856951   371.27 / ف ت ل 856951 28/07/2025 28/07/2025 كتب
    Dewey Decimal Classification   Not For Loan المكتبة المركزية المكتبة المركزية مقتنيات قسم التزويد 28/07/2025 856953   371.27/فتل 856953 28/07/2025 28/07/2025 كتب
    Dewey Decimal Classification     المكتبة المركزية المكتبة المركزية مقتنيات قسم التزويد 28/07/2025 856959   371.27/فتل 856959 28/07/2025 28/07/2025 كتب
    Dewey Decimal Classification     المكتبة المركزية المكتبة المركزية الإعارة 21/09/2016 1628318   371.27 / ف ت ل PLD00395582 28/07/2025 21/09/2016 كتب
    Dewey Decimal Classification     مكتبة أبو علندا العامة مكتبة أبو علندا العامة الإعارة 28/07/2025 856958   371.27/فتل 856958 28/07/2025 28/07/2025 كتب
    Dewey Decimal Classification     مكتبة الحسن العامة مكتبة الحسن العامة الإعارة 28/07/2025 856956   371.27/فتل 856956 28/07/2025 28/07/2025 كتب
    Dewey Decimal Classification     مكتبة حمزة العامة مكتبة حمزة العامة الإعارة 28/07/2025 856957   371.27/فتل 856957 28/07/2025 28/07/2025 كتب
    Dewey Decimal Classification     مكتبة صويلح العامة مكتبة صويلح العامة الإعارة 28/07/2025 856955   371.27/فتل 856955 28/07/2025 28/07/2025 كتب
Implemented & Customized by: BBB with SCIT (Smart Chains for Information Technology)

Powered by Koha